000 00647nam a2200229 i 4500
001 bg
100 1 _aILNICKI, Mariusz
245 1 0 _aPrawo działalności gospodarczej :
_bkomentarz /
_cMariusz Paweł Ilnicki, Jacek Wolski.
250 _aStan prawny na 1 lipca 2000 r.
260 _aKraków :
_b"Zakamycze",
_c2000.
300 _a237, [1] s. ;
_c21 cm.
504 _aBibliogr.
650 9 _aPrawo gospodarcze
_zPolska
_ystan na 2000 r.
700 1 _aWOLSKI, Jacek
020 _a8388551523
040 _cBPK
041 0 _apl
080 _a346(438)
920 _a83-88551-52-3
942 _cKS
008 s pl f |000 0 pol
999 _c38964
_d38964
856 _uhttp://koha.tu.koszalin.pl/cgi-bin/koha/opac-detail.pl?biblionumber=38964
_yKatalog online BPK